| 000 | 00428pab a2200157 454500 | ||
|---|---|---|---|
| 008 | 180718b2015 xxu||||| |||| 00| 0 eng d | ||
| 100 | _aPropper, Michael | ||
| 245 | _aEmerging markets for nature and challenges for the ecosystem service approach | ||
| 260 | _c2015 | ||
| 300 | _ap.247-268. | ||
| 362 | _aMar | ||
| 650 | _aEcosystems | ||
| 650 | _aEcological balance | ||
| 773 | _aDevelopment and Change | ||
| 909 | _a108389 | ||
| 999 |
_c108384 _d108384 |
||